Movies Quiz

Random Movies or Numbers Quiz

Name the Movie Scene Quiz Stats

 Plays Quiz not verified by Sporcle

Challenge
Share
Tweet
Score 0/20 Timer 05:00
0 Plays Today
Number Movie % Correct
8Finding Nemo
91.8%
20South Park: Bigger, Longer and Uncut
89.3%
9Slumdog Millionaire
82.6%
10Forrest Gump
79%
6Meet the Parents
71.3%
15Airplane!
69.5%
14War of the Worlds
69%
4One Flew Over the Cuckoo's Nest
64.9%
11Kill Bill Volume One
64.1%
16No Country for Old Men
60%
Number Movie % Correct
18Big Daddy
54%
2Shutter Island
53.4%
19Inception
49.4%
13The Dark Knight
37.3%
12Planes, Trains and Automobiles
32.1%
1Children of Men
28.8%
5The Shining
25.2%
7Cloverfield
18.9%
3Quantum of Solace
17.5%
17One Hour Photo
4.7%

You're not logged in!

Compare scores with friends on all Sporcle quizzes.
OR
Log In

You Might Also Like...

Show Comments

Extras

Created Aug 3, 2010ReportNominate
Tags:Numbers Quiz, One Scene, scene

Top Quizzes Today


Score Distribution

Your Account Isn't Verified!

In order to create a playlist on Sporcle, you need to verify the email address you used during registration. Go to your Sporcle Settings to finish the process.

Report this User

Report this user for behavior that violates our Community Guidelines.

Details: